| 000 | 01138nac a22003377a 4500 | ||
|---|---|---|---|
| 001 | BR0003369 | ||
| 003 | BR-BrBNA | ||
| 005 | 20240105122432.0 | ||
| 008 | 230509b bl.|||m| |||| 00| 0 por d | ||
| 040 |
_aBR-BrBNA _bpor _cBiblioteca Nacional de Agricultura |
||
| 072 | _aK10 | ||
| 090 | _aK10 BR0003369 | ||
| 100 | 1 | _aChristmann, A. | |
| 100 | 1 | _aRamos, M.G. | |
| 100 | 1 | _aFarias, J.A.C. | |
| 100 | 1 | _aFossati, L.C. | |
| 110 | 1 | _aEmpresa de Pesquisa Agropecuaria e de Extensao Rural de Santa Catarina S.A., Florianopolis (Brasil) | |
| 245 | 1 | _aModulo 1: plantio e manejo de florestas cultivadas: curso profissionalizante de silvicultura | |
| 250 | 1 | _a2. ed. | |
| 260 | 3 |
_aFlorianopolis, SC (Brasil): _c2000. |
|
| 300 | _a81 p. | ||
| 490 |
_aBoletim Didatico - Empresa de Pesquisa Agropecuaria e Extensao Rural de Santa Catarina S.A. (Brazil) _vno. 17 _xISSN 1414-5219 |
||
| 500 | _a29 tables; 102 illus. | ||
| 650 | _aFloresta | ||
| 650 | _aPlantio | ||
| 650 | _aPratica Cultural | ||
| 650 | _aAdubacao | ||
| 650 | _aReflorestamento | ||
| 909 |
_a202312 _bLúcia Elande _c55 _dLúcia Elande |
||
| 942 |
_2AGRIS _n0 _cMS |
||
| 999 |
_c291019 _d291019 |
||